<?xml version="1.0" encoding="UTF-8"?>
<marc:record xmlns:marc="http://www.loc.gov/MARC21/slim">
   <marc:leader>00000nam a2200000 a 4500</marc:leader>
   <marc:datafield ind1="1" ind2=" " tag="100">
      <marc:subfield code="a">Inusa, Manuela</marc:subfield>
      <marc:subfield code="4">aut</marc:subfield>
      <marc:subfield code="e">Verfasser/-in</marc:subfield>
   </marc:datafield>
   <marc:datafield ind1="0" ind2="0" tag="245">
      <marc:subfield code="a">Die Chocolaterie der Träume</marc:subfield>
   </marc:datafield>
   <marc:datafield ind1="0" ind2="0" tag="245">
      <marc:subfield code="c">Manuela Inusa</marc:subfield>
   </marc:datafield>
   <marc:datafield ind1=" " ind2="1" tag="264">
      <marc:subfield code="a">München</marc:subfield>
      <marc:subfield code="b">Blanvalet</marc:subfield>
      <marc:subfield code="c">2018</marc:subfield>
   </marc:datafield>
   <marc:datafield ind1="1" ind2=" " tag="490">
      <marc:subfield code="a">Valerie Lane</marc:subfield>
      <marc:subfield code="v">2</marc:subfield>
   </marc:datafield>
   <marc:datafield ind1=" " ind2=" " tag="250">
      <marc:subfield code="a">1. Aufl.</marc:subfield>
   </marc:datafield>
   <marc:datafield ind1="1" ind2=" " tag="520">
      <marc:subfield code="a">Angaben aus der Verlagsmeldung ## ##  Die Chocolaterie der Träume : Roman / von Manuela Inusa ## #Willkommen in der Valerie Lane  der romantischsten Straße der Welt!#Keira liebt das, was sie tut, über alles: In ihrer kleinen Chocolaterie in der Valerie Lane stellt sie Confiserie in sorgfältiger Handarbeit her  ihre selbstgemachten Pralinen, Kekse und schokolierten Früchte sind bei Jung und Alt beliebt. Bei all den leckeren Sachen kann Keira oft selbst nicht widerstehen. Aber was macht das schon? Sie steht zu ihrer Leidenschaft und zu ihren Kurven. Doch ihr Freund Jordan, mit dem es ohnehin kriselt, sieht das leider etwas anders. Zum Glück stehen Keira ihre Freundinnen immer zur Seite  und dann gibt es noch diesen einen charmanten Kunden, der in letzter Zeit häufiger bei Keiras Chocolates einkauft</marc:subfield>
   </marc:datafield>
   <marc:datafield ind1=" " ind2=" " tag="020">
      <marc:subfield code="a">9783734105012</marc:subfield>
      <marc:subfield code="9">9783734105012</marc:subfield>
   </marc:datafield>
   <marc:datafield ind1=" " ind2=" " tag="041">
      <marc:subfield code="a">ger</marc:subfield>
   </marc:datafield>
   <marc:datafield ind1=" " ind2=" " tag="300">
      <marc:subfield code="a">335 S.</marc:subfield>
   </marc:datafield>
</marc:record>
